Are You Color-Blind? Quiz Stats

 Plays Quiz Updated Jun 21, 2018

Challenge
Share
Tweet
Score 0/15 Timer 02:00
1 Play Today
% Correct
12
99.9%
8
98.3%
29
97.8%
5
96.2%
15
95.7%
3
95.6%
74
94.4%
7
93.7%
% Correct
45
93.7%
5
93.6%
6
93.5%
16
93.2%
42
93.1%
26
93.1%
73
91.5%

You're not logged in!

Compare scores with friends on all Sporcle quizzes.
Join for Free
OR
Log In

You Might Also Like...

Show Comments

Extras

Top Quizzes Today


Score Distribution

Your Account Isn't Verified!

In order to create a playlist on Sporcle, you need to verify the email address you used during registration. Go to your Sporcle Settings to finish the process.

Report this User

Report this user for behavior that violates our Community Guidelines.

Details: